000 02120 a2200241 4500
001 40611
005 20260407155701.0
008 260407a2014 arg spa d
003 AR-UNSa-BCEJYS
040 _aAR-UNSa-BCEJYS
_bspa
_cAR-UNSa-BCEJYS
080 _a378.147
_xMétodos de instrucción y enseñanza universitaria
245 1 0 _aDebates universitarios acerca de lo didáctico y la formación docente
_pDidáctica general y didácticas específicas. Estrategias de enseñanza. Ambientes de aprendizaje
020 _a978-987-538-389-0
264 1 _aBuenos Aires :
_bNoveduc
_c2014
300 _a149 p.
_c28 cm.
505 _a1. Dilemas, problemas y tensiones en la formación didáctica de los docentes - 2. Didáctica/s y prácticas docentes: aportes, tensiones, limitaciones - 3. Enseñar didáctica en los espacios de formación docente universitaria. Mi desafío - 4. Reflexiones acerca del concepto de transposición didáctica y su tratamiento en la formación docente - 5. ¿Qué aporta la pedagogía a la formación docente? ¿Cómo se vincula con la didáctica? - 6. Didáctica, psicología y curriculum: encuentros y desencuentros - 7. Psicoanálisis y acto educativo - 8. Las tensiones en el campo de la didáctica: didáctica de nivel superior como didáctica específica - 9. La didáctica de nivel medio como síntesis de saberes. Imágenes de la didáctica de nivel medio - 10. Las didácticas específicas como espacios de confluencia - 11. Una reflexión acerca de la didáctica y las didácticas específicas: el caso de la didáctica de la biología - 12. Entre la historia y su enseñanza: el lugar de la didáctica de la historia - 13. La didáctica al rescate de la química, una disciplina en problemas - 14. La didáctica de la economía - 15. Tematización de la noción de transposición didáctica desde la filosofía y su didáctica
041 _aspa
942 _cBK
590 _aniveau_biblio:m niveau_hierar:0
100 1 _aMalet, Ana María
700 1 _aMonetti, Elda M.
856 4 1 _uhttps://biblioeco.unsa.edu.ar/pmb/images/libros/L126169.jpg
_yImagen de portada
_qimage/jpeg
999 _c3261
_d3261